书目信息 |
| 题名: |
光电测试技术与系统
|
|
| 作者: | 张广军 主编 | |
| 分册: | ||
| 出版信息: | 北京 北京航空航天大学出版社 2010.03 |
|
| 页数: | 383页 | |
| 开本: | 23cm | |
| 丛书名: | ||
| 单 册: | ||
| 中图分类: | TN206 | |
| 科图分类: | ||
| 主题词: | 光电检测--高等学校--教材 | |
| 电子资源: | ||
| ISBN: | 978-7-5124-0022-1 | |
| 000 | 00859nam0 2200241 450 | |
| 001 | 004512442 | |
| 005 | 20100806155604.78 | |
| 010 | @a978-7-5124-0022-1@dCNY45.00 | |
| 090 | @aTP27@bzgj | |
| 100 | @a20100515d2010 em y0chiy50 ea | |
| 101 | 0 | @achi |
| 102 | @aCN@b110000 | |
| 105 | @aa z 000yy | |
| 200 | 1 | @a光电测试技术与系统@Aguang dian ce shi ji shu yu xi tong@f张广军主编 |
| 210 | @a北京@c北京航空航天大学出版社@d2010.03 | |
| 215 | @a383页@c图@d23cm | |
| 300 | @a普通高校“十一五”规划教材 | |
| 330 | @a本书介绍了光电测试的基本原理、方法及系统,主要内容包括光电测试用光源、光电探测器件、激光干涉测量、激光衍射测量、典型光电测试系统、视觉测量、激光雷达及探测和光电导航与制导等。 | |
| 606 | 0 | @a光电检测@x高等学校@j教材 |
| 690 | @aTN206@v4 | |
| 701 | 0 | @a张广军@Azhang guang jun@f(1965~)@4主编 |
| 801 | @c20100515 | |
| 905 | @dTN206@eZ100@f5 | |
| 光电测试技术与系统/张广军主编.-北京:北京航空航天大学出版社,2010.03 |
| 383页:图;23cm |
| 普通高校“十一五”规划教材 |
| ISBN 978-7-5124-0022-1:CNY45.00 |
| 本书介绍了光电测试的基本原理、方法及系统,主要内容包括光电测试用光源、光电探测器件、激光干涉测量、激光衍射测量、典型光电测试系统、视觉测量、激光雷达及探测和光电导航与制导等。 |
| ● |
| 相关链接 |
|
|
|
正题名:光电测试技术与系统
索取号:TN206/Z100
 
预约/预借
| 序号 | 登录号 | 条形码 | 馆藏地/架位号 | 状态 | 备注 |
| 1 | 999153 | 209991534 | 自科库301/301自科库 25排3列1层/ [索取号:TN206/Z100] | 在馆 | |
| 2 | 999154 | 209991543 | 自科库301/301自科库 25排3列1层/ [索取号:TN206/Z100] | 在馆 | |
| 3 | 999155 | 209991552 | 自科库301/301自科库 18排4列2层/ [索取号:TN206/Z100] | 在馆 | |
| 4 | 999156 | 209991561 | 期刊室512/301自科库 18排4列2层/ [索取号:TN206/Z100] | 在馆 | |
| 5 | 999157 | 209991570 | 期刊室512/301自科库 18排4列2层/ [索取号:TN206/Z100] | 在馆 |